Normas Internacionales de Información Financiera "NIIF" 2005 : donde también se incluyen las Normas Internacionales de Contabilidad "NIC" y sus interpretaciones hasta el 1 de enero de 2005 /

Obra que aborda las Normas Internacionales de Información Financiera (NIIF) y las Normas Internacionales de Contabilidad (NIC). El objetivo de estas normas internacionales es que pretenden reducir las diferencias contables internacionales, con el objetivo principal de que la información contable sea...

Descripción completa

Guardado en:
Detalles Bibliográficos
Autor corporativo: International Accounting Standars Committee
Formato: Libro
Idioma:Español
Publicado: Londres, Inglaterra : México : International Accounting Standars Committee ; Instituto Mexicano de Contadores Públicos, 2006, c2006
Temas:
Etiquetas: Agrega una etiqueta
Sin etiquetas, Sé el primero en etiquetar este registro!

MARC

LEADER 00000nam^a2200000^a^4500
001 000188630
005 20250521000000.0
009 20260310102345.817
020 |a 970-665-244-2 
037 |a Acervo ITESO - Biblioteca 
041 |a ESP 
082 |a 657. 0218  |b NOR 2005 
110 |a International Accounting Standars Committee 
240 1 1 |a [Normas Internacionales de Contabilidad] 
245 0 0 |a Normas Internacionales de Información Financiera "NIIF" 2005 :  |b donde también se incluyen las Normas Internacionales de Contabilidad "NIC" y sus interpretaciones hasta el 1 de enero de 2005 /  |c IASC ; pref. de Thomas Seidenstein ; tr. por José Antonio Gonzalo Angulo... [et al.]. 
264 4 |a Londres, Inglaterra :  |b International Accounting Standars Committee ;  |a México :  |b Instituto Mexicano de Contadores Públicos,  |c 2006, c2006 
300 |a XI, 1559 p. 
336 |a texto  |b txt  |2 rdacontenido 
337 |a sin mediación  |b n  |2 rdamedio 
338 |a volumen  |b nc  |2 rdasoporte 
520 |a Obra que aborda las Normas Internacionales de Información Financiera (NIIF) y las Normas Internacionales de Contabilidad (NIC). El objetivo de estas normas internacionales es que pretenden reducir las diferencias contables internacionales, con el objetivo principal de que la información contable sea útil para conocer la situación financiera y económica de la empresa y ayudar en el proceso de la toma de decisiones. Además incluye interpretaciones y glosario de términos. 
649 |a XX 
650 |a Normalización y Certificación 
650 |a Información Financiera 
650 |a Tratados Internacionales 
650 |a Contabilidad Financiera 
650 |a Finanzas 
650 |a Contabilidad 
650 |a Ciencias Administrativas 
910 |a Fondo General 
920 |a Impresos - Libros 
930 |a Colección General 
905 |a 101 
901 |a 0500131286  |b IT1  |c ACC  |u 20250521 
902 |a https://opac.biblio.iteso.mx/vufind/Record/000188630